000
00257nam a2200109Ia 4500
008
220204s9999 xx 000 0 und d
082
_a
077
_b
LAN
100
_a
Langford, Michael
245
0
_a
Better photography
260
_a
London
_b
Focal
_c
1978
942
_c
BK
999
_c
33103
_d
33103